| 000 | 00549nam a22002057a 4500 | ||
|---|---|---|---|
| 003 | OSt | ||
| 005 | 20220107122833.0 | ||
| 008 | 170818b xxu||||| |||| 00| 0 eng d | ||
| 020 | _a9789351105756 | ||
| 040 | _cIIITMK | ||
| 100 |
_aSaxena, Rajiv Prakash _912848 |
||
| 245 | _aGovernments of the future in the ICT era | ||
| 260 |
_aMumbai, _bShroff Publishers, _c2015. |
||
| 300 | _axiv, 372p | ||
| 650 |
_aICT _912849 |
||
| 650 |
_aE-GOVERNANCE _912850 |
||
| 650 |
_aAUTHENTICATION _912851 |
||
| 650 |
_aDIGITAL SECURITY _912852 |
||
| 942 |
_2ddc _cBK |
||
| 999 |
_c5838 _d5838 |
||